European Big Five: 250+ goals/assists (2000-) - Statistics

General Stats
  • This quiz has been taken 20 times
  • The average score is 25 of 28
Answer Stats
Ranking Player Positions Nationality Matches Goals (assists) Periods Clubs % Correct
2 Cristiano Ronaldo MF, FW 626 495 (135) 2003-2023
100%
7 Harry Kane FW 383 275 (61) 2012-2025
100%
5 Karim Benzema FW 551 281 (119) 2004-2023
100%
1 Lionel Messi MF, FW 577 496 (221) 2004-2023
100%
6 Luis Suárez FW 368 247 (96) 2010-2022
100%
9 Mohamed Salah MF, FW 382 221 (107) 2013-2025
100%
3 Robert Lewandowski FW 487 381 (73) 2010-2025
100%
13 Wayne Rooney MF, FW 491 208 (102) 2002-2018
100%
4 Zlatan Ibrahimović FW 467 302 (107) 2004-2017, 2019-2023
100%
12 Edinson Cavani MF, FW 479 267 (46) 2006-2023
95%
11 Francesco Totti MF, FW 446 207 (115) 2000-2017
95%
14 Pierre-Emerick Aubameyang MF, FW 459 236 (63) 2009-2024
95%
21 Romelu Lukaku FW 443 205 (67) 2011-2025
95%
8 Sergio Agüero FW 454 260 (72) 2006-2022
95%
19 Thierry Henry FW 307 193 (81) 2000-2009, 2011-2012
95%
10 Thomas Müller MF, FW 503 150 (174) 2008-2025
95%
18 Antoine Griezmann MF, FW 530 198 (84) 2010-2025
89%
17 Kylian Mbappé MF, FW 280 222 (67) 2015-2025
89%
22 Alexandre Lacazette FW 455 215 (55) 2009-2025
84%
16 Edin Džeko FW 509 223 (71) 2007-2023
84%
15 Gonzalo Higuaín MF, FW 428 237 (61) 2006-2020
84%
28 Marco Reus MF, FW 391 156 (95) 2009-2024
84%
23 Samuel Eto'o FW 384 202 (60) 2000-2010, 2013-2015
84%
25 Frank Lampard MF 491 160 (94) 2000-2015
79%
26 Ciro Immobile FW 385 206 (47) 2008-2009, 2012-2024
74%
20 Antonio Di Natale FW 444 209 (64) 2002-2016
58%
24 Wissam Ben Yedder MF, FW 411 199 (59) 2010-2024
58%
27 Luca Toni FW 404 195 (57) 2000-2002, 2004-2010, 2012-2016
53%
No matching quizzes found
Score Distribution
Percent of People with Each Score
Percentile by Number Answered
Your Score History
You have not taken this quiz